00242 a2200109 450000100060000008200120000610000200001824500430003825000080008126000340008930000090012363601 a671 LIN aLindberg Roy A aProcesses and Materials of Manufacture a3rd aBostonbAllyn and Baconc1983 a849p